| 000 | 00920nam a2200265Ia 4500 | ||
|---|---|---|---|
| 003 | OSt | ||
| 005 | 20220918193204.0 | ||
| 006 | a|||||r|||| 00| 0 | ||
| 007 | ta | ||
| 008 | 220917b |||||||| |||| 00| 0 eng d | ||
| 024 | _a72,193 | ||
| 037 | _cTextual | ||
| 040 |
_aARTS _cARTS _beng |
||
| 041 |
_2eng _aeng |
||
| 082 | _aR4, M4 | ||
| 100 |
_aMetcalf Barbara Daly Ed. _981188 |
||
| 110 |
_aConference On Moral Conduct And Authority-Place Of Adab In South Asian Islam , 1979 (Berkeley) _981189 |
||
| 245 | 0 |
_aMoral conduct and authority _b The place of Adab in south asian Islam |
|
| 260 |
_aBerkeley _bUniversity of California _c1984 |
||
| 300 |
_axiii,389p. _ccm. |
||
| 650 | _aETHICS | ||
| 700 |
_aConference On Moral Conduct And Authority-Place Of Adab In South Asian Islam , 1979 (Berkeley) _981190 |
||
| 942 |
_hR4, M4 _cTEXL _2CC |
||
| 999 |
_c198197 _d198197 |
||